00830nam a2200241Ia 4500001000600000003000900006008004100015040001300056040001300069041001500082100001800097100002900115245003600144245004500180250001100225260001400236260002100250260004900271300005900320500015700379650002100536650003100557E2233IT-RoPAU130308s9999 xx 000 0 und d aIT-RoPAU cIT-RoPAU aPORTOGHESE aMoreira Cesar gCodice Aut. SPICS: 47737 aRadios de Igreja no Brasil (As) bComo Organizar a pastoral da Comunicacao a1a ed. aSAO PAULO bEdicoes Paulinas c1989 [1° Ed.:1989 - Ed.Ling.Originale:1989] a"11 p. (prefazione: no ; testo: 11 [pagine: 174-184])" aRadio della Chiesa in Brasile. Differenza tra Radio della Chiesa e Altre Radio. Agente di Pastorale e la Radio. Come Elaborare un programma Radiofonico. aTEORIA PASTORALE eCodice materia Spics: 9301